Voice Application Development For Android (Record no. 335569)
[ view plain ]
| 000 -LEADER | |
|---|---|
| fixed length control field | 00586nam a2200169Ia 4500 |
| 008 - FIXED-LENGTH DATA ELEMENTS--GENERAL INFORMATION | |
| fixed length control field | 230718s9999 xx 000 0 und d |
| 020 ## - INTERNATIONAL STANDARD BOOK NUMBER | |
| International Standard Book Number | 9789351104148 |
| 041 ## - LANGUAGE CODE | |
| Language code of text/sound track or separate title | eng |
| 082 ## - DEWEY DECIMAL CLASSIFICATION NUMBER | |
| Classification number | 005.43 |
| Item number | MCT |
| 100 ## - MAIN ENTRY--PERSONAL NAME | |
| Personal name | McTear M.F. |
| 9 (RLIN) | 195829 |
| 245 ## - TITLE STATEMENT | |
| Title | Voice Application Development For Android |
| Remainder of title | A Practical Guide To Develop Advanced And Exciting Voice Applications For Android Using Open Source Software |
| 260 ## - PUBLICATION, DISTRIBUTION, ETC. (IMPRINT) | |
| Date of publication, distribution, etc. | 2013 |
| Name of publisher, distributor, etc. | Packt/SPD |
| 300 ## - PHYSICAL DESCRIPTION | |
| Extent | 113 |
| 365 ## - TRADE PRICE | |
| Currency code | Rs. |
| Price amount | 275.00 |
| 700 ## - ADDED ENTRY--PERSONAL NAME | |
| Personal name | McTear M.F. & Callejas Z. |
| 9 (RLIN) | 195830 |
| 906 ## - LOCAL DATA ELEMENT F, LDF (RLIN) | |
| d | O:0378820-Feb-2014B:486902-Feb-2014 |
| c | COMP |
| b | 60.5 |
| Withdrawn status | Lost status | Damaged status | Not for loan | Home library | Current library | Date acquired | Vendor | Budget Code | Cost, normal purchase price | Bill number | Total Checkouts | Full call number | Barcode | Date last seen | Discount | Cost, replacement price | Bill Date | Koha item type | Original Barcode |
|---|---|---|---|---|---|---|---|---|---|---|---|---|---|---|---|---|---|---|---|
| Cummins College of Engineering for Women Pune | Cummins College of Engineering for Women Pune | 20/02/2014 | Technical Book Services | COMP | 214.50 | 4869 | 005.43 | CCEP-BK-46776 | 18/07/2023 | 60.5 | 275.00 | 02/02/2014 | Books | 046776 |